Länder, die mit N beginnen - Karten-Quiz - Statistiken

Allgemein
  • Dieses Quiz wurde 384 mal gespielt
  • Das Durchschnittsergebnis liegt bei 11 aus 11
Antworten auf der Karte
Die Antworten werden auf der Karte rot bzw. grün angezeigt, abhängig davon wie oft sie richtig erraten wurden.
 
Antwortstatistiken
Land % Korrekt
Niederlande
99%
Niger
99%
Nigeria
99%
Norwegen
99%
Nepal
98%
Neuseeland
98%
Nordkorea
98%
Nordmazedonien
97%
Namibia
94%
Nicaragua
93%
Nauru
81%
Keine übereinstimmenden Quizze gefunden
Verteilung der Resultate
Anzahl Personen mit jedem Resultat
Perzentil nach korrekt beantworteten Fragen
Ihre Resultats-Entwicklung
Sie haben dieses Quiz noch nicht gespielt